| 000 | 00861nam a22002537i 4500 | ||
|---|---|---|---|
| 003 | URS | ||
| 005 | 20230323133328.0 | ||
| 008 | 200708s2019 ph ae||| |||| 000 0 eng d | ||
| 020 |
_a9786218035454 _qvolume 1 |
||
| 020 |
_a9786218035447 _qvolume 2 |
||
| 040 |
_beng _erda _cQCPL _dURS |
||
| 050 | 1 | 4 |
_aTH 438 _b.P832 2021 |
| 100 | 1 |
_aPorte, Virgilio N. _eauthor |
|
| 245 | 1 | 0 |
_aSimplified methods on building construction : _b(for fresh engineers) / _cVirgilio N. Porte. |
| 264 | 1 |
_aQuezon City : _bLorimar Publishing, _c[2019] |
|
| 300 |
_a2 volumes : _billustrations |
||
| 336 |
_2rdacontent _atext |
||
| 337 |
_2rdamedia _aunmediated |
||
| 338 |
_2rdacarrier _avolume |
||
| 505 | 0 | _avolume 1. Construction methods | |
| 505 | 0 | _avolume 2. Organizing & estimating, basic planning & scheduling, monitoring & controlling | |
| 650 | 0 | _aBuilding | |
| 942 |
_cF _2lcc |
||
| 999 |
_c69058 _d69058 |
||